000 00464nam a2200169Ia 4500
008 221030s9999 xx 000 0 und d
020 _a8183330088
041 _aEnglish
082 _a105.23
_bBayross
100 _aI. Bayross
245 0 _aWeb Enabled Commercial Applications Development Using - HTML, DHTML, Java Script, Perl CGI
_cby I. Bayross
250 _a3rd
260 _bBPB Pub
_aNew Delhi
_c2006
300 _a390
650 _aComputers
942 _cBK
999 _c3365
_d3365